Click the European Country on a Borderless Map - Statistics

General Stats
  • This quiz has been taken 3,343 times
  • The average score is 30 of 45
Answers on the Map
Answers color-coded by a green-red scale on the quiz's map according to % correct below.
 
Answer Stats
Answer % Correct
Italy
78%
United Kingdom
78%
Finland
77%
France
77%
Iceland
77%
Russia
77%
Spain
77%
Denmark
76%
Germany
76%
Greece
76%
Ireland
76%
Norway
76%
Poland
75%
Sweden
75%
Portugal
74%
Netherlands
73%
Malta
72%
Ukraine
72%
Estonia
71%
Belgium
70%
Croatia
70%
Romania
69%
Belarus
68%
Latvia
67%
Switzerland
67%
Lithuania
66%
Albania
65%
Bosnia and
Herzegovina
65%
Bulgaria
65%
Austria
64%
Vatican City
64%
Czech Republic
63%
Serbia
62%
Andorra
61%
Luxembourg
60%
Hungary
58%
North
Macedonia
58%
Moldova
56%
Slovakia
56%
Slovenia
56%
Monaco
52%
Montenegro
52%
San Marino
52%
Kosovo
50%
Liechtenstein
50%
No matching quizzes found
Score Distribution
Percent of People with Each Score
Percentile by Number Answered
Your Score History
You have not taken this quiz